| 000 | 00769cam a22002411 4500 | ||
|---|---|---|---|
| 001 | agr68000165 | ||
| 003 | DLC | ||
| 005 | 20260227111030.0 | ||
| 008 | 711216s1968 dcua 000 0 eng c | ||
| 010 | _aagr68000165 | ||
| 040 |
_aU.S. Nat'l Agr. Libr. _cDLC _dDLC |
||
| 050 | 0 | 0 |
_aS21 _b.A6 rev. no. 2166, Apr. 1968 |
| 070 | 0 | _a1Ag84F no. 2166 1968 | |
| 082 | 0 | 0 | _a636.4/08 |
| 110 | 1 |
_aUnited States. _bAgricultural Research Service. _bAnimal Husbandry Research Division. |
|
| 245 | 1 | 0 | _aSwine production. |
| 250 | _a[Rev. | ||
| 260 |
_aWashington, _bFor sale by the Supt. of Docs., U.S. Govt. Print. Off., _c1968] |
||
| 300 |
_a30 p. _billus. _c24 cm. |
||
| 350 | _a$0.15 | ||
| 490 | 0 |
_aU.S. Dept. of Agriculture. Farmers' bulletin _vno. 2166 |
|
| 650 | 0 | _aSwine. | |
| 999 |
_c12472 _d12472 |
||